00642nam a2200181Ia 4500952015300000999001700153003000400170005001700174008004100191020001500232040000900247082001800256100003600274245005200310260004600362300000900408942004300417 00102ddc40708JOURNALISMaMESbMEScJOURNALISMd2019-02-20g125.00l1o079.54 PAR/Jp22953r2023-07-25 11:53:28s2023-07-20w2019-02-20yBKzU3R1 c36335d36335OSt20200612143351.0190216s9999||||xx |||||||||||||| ||und|| a8120718070 coclc a079.54bPAR/J aParthasarathy, Rangaswami92855 0aJournalism In India /cRangaswami Parthasarathy bSterling Publications,c1995.aNew Delhi: a344p cREF2ddch079.54iPAR/Jk079.54mPAR/J